Dimensions of personnel management (Record no. 353333)

000 -LEADER
fixed length control field 00339cam a22001217a 4500
008 - FIXED-LENGTH DATA ELEMENTS--GENERAL INFORMATION
fixed length control field 180718b1978 xxu||||| |||| 00| 0 eng d
082 ## - DEWEY DECIMAL CLASSIFICATION NUMBER
Classification number K Si64d
100 ## - MAIN ENTRY--PERSONAL NAME
Personal name Singh, N.K.
245 ## - TITLE STATEMENT
Title Dimensions of personnel management
Statement of responsibility, etc. by N.K. Singh
260 ## - PUBLICATION, DISTRIBUTION, ETC.
Place of publication, distribution, etc. New Delhi
Name of publisher, distributor, etc. Samkallen Prakashan
Date of publication, distribution, etc. 1978
300 ## - PHYSICAL DESCRIPTION
Extent 276p.
650 ## - SUBJECT ADDED ENTRY--TOPICAL TERM
Topical term or geographic name entry element Personnel management
Holdings
Withdrawn status Lost status Damaged status Not for loan Permanent Location Current Location Date acquired Full call number Barcode Date last seen Price effective from Koha item type
        Indian Institute of Public Administration Indian Institute of Public Administration 1993-12-02 K Si64d 54334 2018-07-21 2018-07-21 Book

Powered by Koha